Statistiques concernant Quiz - Fally Ipupa

Cliquez ici pour prendre le quiz!

Statistiques générales

  • Ce quiz a été pris 12 fois
    (8 depuis la dernière actualisation)
  • Le résultat moyen est 5 sur 15

Statistiques - réponses

HintRéponse% Correct
Comment s'appelle sa communauté de fans?Les Warriors
88%
Finissez la phrase suivante 'le 2 Juillet biso....'tembe na foire
75%
Quel est le prènom de son père?Faustin
50%
Avec quelle artiste a-t-il chanté Chaise Electrique?Olivia
50%
Comment s'appelle l'orchestre de musique qu'il intègre en 1999?Quartier Latin
50%
Citez le nom de sa chanson en collaboration avec Koffi Olomide sur l'album Danger de Mort?Pharmacien
38%
Quel est le nom de son deuxieme album solo?Arsenal De Belles Mélodies
25%
De quelle musique provient ces paroles 'Michelle liaka mbongo na nga ndenge o lingi'?Emeraude
25%
De quel region est-il originaire?Equateur
25%
Lequel de ses titres reprend la chansion 'Mario' de Franco Luambo?Lady D
25%
Dans quelle salle en France s'est-il produit en Novembre 2023?Paris la Defense Arena
13%
Dans quelle musique Fally chante-t-il en français, anglais, lingala et swahili?Afsana
0%
Comment s'appelle son premier producteur de musique?David Monsoh
0%
Quel est le nom de sa fondation?Fally Ipupa Fondation
0%
Comment s'appelle son deuxieme fils?Vincenzo
0%

Distribution des résultats

Percentile par nombre de réponses

% des personnes avec chaque résultat

Votre développement - résultats

Vous n’avez pas pris ce quiz depuis la dernière actualisation